Bolonský proces (súčasné trendy v európskom vysokoškolskom vzdelávaní)

Bolonský proces v európskom systéme vysokoškolského vzdelávania, ktorého cieľom je budovanie spoločného európskeho vzdelávacieho priestoru. Princípy bolonského procesu. Miľníky v jeho rozvoji. Väzba na Lisabonskú stratégiu. Reforma vysokého školstva na Slovensku.

Uložené v:
Podrobná bibliografia
Hlavný autor: Gonda, Vladimír
Médium: Kapitola
Jazyk:Slovak
Predmet:
Tagy: Pridať tag
Žiadne tagy, Buďte prvý, kto otaguje tento záznam!

MARC

LEADER 00000naa$a2200000$$$4500
001 0031968
005 20240502071439.1
041 0 |a slo 
044 |a SK 
245 1 0 |a Bolonský proces (súčasné trendy v európskom vysokoškolskom vzdelávaní)  |c Vladimír Gonda 
520 |a Bolonský proces v európskom systéme vysokoškolského vzdelávania, ktorého cieľom je budovanie spoločného európskeho vzdelávacieho priestoru. Princípy bolonského procesu. Miľníky v jeho rozvoji. Väzba na Lisabonskú stratégiu. Reforma vysokého školstva na Slovensku. 
610 2 0 |a vzdelávanie vysokoškolské 
610 2 0 |a reformy školské 
610 2 0 |a Európska únia 
610 2 0 |a Slovensko 
610 2 0 |a školy vysoké 
610 2 0 |a integrácia 
610 2 0 |a spolupráca intelektuálna 
610 2 0 |a unifikácia 
610 2 0 |a harmonizácia 
610 2 0 |a univerzity 
100 1 |a Gonda, Vladimír